[Event "FICGS rapid E 000224 email"]
[Site "FICGS email"]
[Date "2019.02.18"]
[Round "1"]
[White "Benone, Mateia"]
[Black "Jefferis, Des"]
[Result "1-0"]
[WhiteElo "1139"]
[BlackElo "896"]
[PlyCount "21"]
[EventDate "2019.??.??"]
[EventType "tourn (rapid)"]
[EventRounds "6"]
[SourceTitle "Corr 2022"]
[Source "ChessBase"]
[SourceDate "2021.10.24"]
[SourceVersion "1"]
[SourceVersionDate "2021.10.24"]
[SourceQuality "1"]

1. e4 e5 2. d4 exd4 3. c3 d6 4. Bc4 Nf6 5. Nf3 Be7 6. e5 dxe5 7. Nxe5 0-0 8. 0-0 dxc3 9. Nxc3 Qxd1 10. Rxd1 Bd6 11. Re1 1-0

[Event "FICGS rapid E 000224 email"]
[Site "FICGS email"]
[Date "2019.02.18"]
[Round "1"]
[White "Jefferis, Des"]
[Black "Barradas, Anderson"]
[Result "1-0"]
[WhiteElo "896"]
[BlackElo "1338"]
[PlyCount "25"]
[EventDate "2019.??.??"]
[EventType "tourn (rapid)"]
[EventRounds "6"]
[SourceTitle "Corr 2022"]
[Source "ChessBase"]
[SourceDate "2021.10.24"]
[SourceVersion "1"]
[SourceVersionDate "2021.10.24"]
[SourceQuality "1"]

1. e4 e5 2. Nf3 Nc6 3. Bc4 Bc5 4. 0-0 Nf6 5. d3 0-0 6. Bg5 a6 7. a3 h6 8. Bh4 b5 9. Ba2 Be7 10. Nc3 d6 11. Nd2 Nd4 12. h3 c5 13. Nf3 1-0

[Event "FICGS rapid E 000224 email"]
[Site "FICGS email"]
[Date "2019.02.18"]
[Round "1"]
[White "Jefferis, Des"]
[Black "Goldmund, Heike"]
[Result "0-1"]
[WhiteElo "896"]
[BlackElo "1278"]
[PlyCount "30"]
[EventDate "2019.??.??"]
[EventType "tourn (rapid)"]
[EventRounds "6"]
[SourceTitle "Corr 2022"]
[Source "ChessBase"]
[SourceDate "2021.10.24"]
[SourceVersion "1"]
[SourceVersionDate "2021.10.24"]
[SourceQuality "1"]

1. e4 d5 2. exd5 Qxd5 3. Nc3 Qa5 4. Nf3 Nf6 5. Bc4 Bf5 6. Bb3 e5 7. 0-0 c6 8. Nxe5 Bd6 9. Nc4 Qc7 10. Nxd6+ Qxd6 11. Re1+ Kd7 12. Bxf7 Rf8 13. Bb3 Kc7 14. d3 Ng4 15. g3 Qh6 0-1

[Event "FICGS rapid E 000224 email"]
[Site "FICGS email"]
[Date "2019.02.18"]
[Round "1"]
[White "Jefferis, Des"]
[Black "Strohmeier, Josef"]
[Result "0-1"]
[WhiteElo "896"]
[BlackElo "1210"]
[PlyCount "32"]
[EventDate "2019.??.??"]
[EventType "tourn (rapid)"]
[EventRounds "6"]
[SourceTitle "Corr 2022"]
[Source "ChessBase"]
[SourceDate "2021.10.24"]
[SourceVersion "1"]
[SourceVersionDate "2021.10.24"]
[SourceQuality "1"]

1. e4 c5 2. Nc3 Nc6 3. Bb5 g6 4. d3 Bg7 5. Nf3 d6 6. Bf4 Bd7 7. 0-0 Nf6 8. h3 0-0 9. Qd2 a6 10. Bxc6 Bxc6 11. Rfe1 e5 12. Bg5 Qb6 13. b3 Qc7 14. Bh6 b5 15. Bxg7 Kxg7 16. Qg5 h6 0-1

[Event "FICGS rapid E 000224 email"]
[Site "FICGS email"]
[Date "2019.02.18"]
[Round "1"]
[White "Leurette, Marc Antoine"]
[Black "Jefferis, Des"]
[Result "0-1"]
[WhiteElo "1321"]
[BlackElo "896"]
[PlyCount "58"]
[EventDate "2019.??.??"]
[EventType "tourn (rapid)"]
[EventRounds "6"]
[SourceTitle "Corr 2022"]
[Source "ChessBase"]
[SourceDate "2021.10.24"]
[SourceVersion "1"]
[SourceVersionDate "2021.10.24"]
[SourceQuality "1"]

1. e4 e5 2. Nf3 Nc6 3. Bc4 h6 4. Nc3 Nf6 5. d3 Bc5 6. 0-0 d6 7. Qe2 Bg4 8. Be3 Bb6 9. Nd5 Nxd5 10. Bxd5 0-0 11. h3 Bh5 12. a3 Rb8 13. Bxc6 bxc6 14. b4 f5 15. c4 fxe4 16. dxe4 Bxf3 17. gxf3 a5 18. Bxb6 cxb6 19. b5 cxb5 20. cxb5 Rf4 21. Kh2 Qh4 22. Rg1 Rbf8 23. Rg4 Rxg4 24. fxg4 Rxf2+ 25. Qxf2 Qxf2+ 26. Kh1 Qf3+ 27. Kh2 Qxe4 28. a4 Qf4+ 29. Kg1 Qd4+ 0-1

[Event "FICGS W-ch st1 g08 email"]
[Site "FICGS email"]
[Date "2016.03.02"]
[Round "1"]
[White "Jefferis, Des"]
[Black "Teverovski, Bogoljub"]
[Result "0-1"]
[WhiteElo "938"]
[BlackElo "2045"]
[PlyCount "26"]
[EventDate "2016.??.??"]
[EventType "tourn (corr)"]
[EventRounds "8"]
[SourceTitle "Corr 2022"]
[Source "ChessBase"]
[SourceDate "2021.10.24"]
[SourceVersion "1"]
[SourceVersionDate "2021.10.24"]
[SourceQuality "1"]

1. e4 c5 2. Nf3 a6 3. d3 g6 4. g3 Bg7 5. Nbd2 Nc6 6. Bg2 Nf6 7. 0-0 d6 8. Re1 0-0 9. Nf1 Be6 10. Ne3 b5 11. a3 Rb8 12. Rb1 a5 13. c3 a4 0-1

[Event "FICGS W-ch st1 g09 email"]
[Site "FICGS email"]
[Date "2014.11.01"]
[Round "1"]
[White "Jefferis, Des"]
[Black "Hilbert, Stephan"]
[Result "0-1"]
[WhiteElo "938"]
[BlackElo "1409"]
[PlyCount "28"]
[EventDate "2014.??.??"]
[EventType "tourn (corr)"]
[EventRounds "8"]
[SourceTitle "Corr 2022"]
[Source "ChessBase"]
[SourceDate "2021.10.24"]
[SourceVersion "1"]
[SourceVersionDate "2021.10.24"]
[SourceQuality "1"]

1. e4 d5 2. exd5 Qxd5 3. Nc3 Qa5 4. Nf3 Nf6 5. Bc4 Bf5 6. Bb3 e6 7. 0-0 c6 8. d3 Bd6 9. Bd2 Qc7 10. g3 Nbd7 11. Qe2 0-0-0 12. a4 Bg4 13. Ne4 Nxe4 14. dxe4 Ne5 0-1

[Event "FICGS W-ch st1 g09 email"]
[Site "FICGS email"]
[Date "2014.11.01"]
[Round "1"]
[White "Sternik, Ryszard"]
[Black "Jefferis, Des"]
[Result "1-0"]
[WhiteElo "1772"]
[BlackElo "938"]
[PlyCount "25"]
[EventDate "2014.??.??"]
[EventType "tourn (corr)"]
[EventRounds "8"]
[SourceTitle "Corr 2022"]
[Source "ChessBase"]
[SourceDate "2021.10.24"]
[SourceVersion "1"]
[SourceVersionDate "2021.10.24"]
[SourceQuality "1"]

1. e4 e5 2. f4 Bc5 3. Nf3 Nc6 4. fxe5 Nxe5 5. Nxe5 Qh4+ 6. g3 Qxe4+ 7. Qe2 Qxh1 8. Ng6+ Ne7 9. Nxh8 g6 10. Nc3 d6 11. d4 Bb6 12. Bg5 Bh3 13. Qxe7# 1-0

[Event "FICGS W-ch st1 g09 email"]
[Site "FICGS email"]
[Date "2014.03.03"]
[Round "1"]
[White "Jefferis, Des"]
[Black "Petropoulos, Athanasios"]
[Result "0-1"]
[WhiteElo "938"]
[BlackElo "1500"]
[PlyCount "70"]
[EventDate "2014.??.??"]
[EventType "tourn (corr)"]
[EventRounds "8"]
[SourceTitle "Corr 2022"]
[Source "ChessBase"]
[SourceDate "2021.10.24"]
[SourceVersion "1"]
[SourceVersionDate "2021.10.24"]
[SourceQuality "1"]

1. g3 d5 2. Bg2 e6 3. Nf3 Nf6 4. 0-0 c5 5. b3 Bd6 6. Bb2 Nbd7 7. d3 0-0 8. Nbd2 Qc7 9. Re1 Re8 10. e4 dxe4 11. dxe4 Ne5 12. Nxe5 Bxe5 13. Bxe5 Qxe5 14. Nc4 Qd4 15. Qxd4 cxd4 16. Nd6 Rd8 17. Nxc8 Raxc8 18. Rac1 g6 19. e5 Nd5 20. Red1 b6 21. Rxd4 Nc3 22. Rxd8+ Rxd8 23. Bf1 Nxa2 24. Ra1 Nb4 25. Rxa7 Nxc2 26. Rb7 Nd4 27. Rxb6 Nf3+ 28. Kg2 Nxe5 29. b4 Kg7 30. b5 Nd7 31. Rd6 Kf6 32. Ra6 Rb8 33. f4 Nc5 34. Rc6 Na4 35. Ra6 Nc5 0-1

[Event "FICGS W-ch st1 g20 email"]
[Site "FICGS email"]
[Date "2012.01.01"]
[Round "1"]
[White "O Brien, Glenn"]
[Black "Jefferis, Des"]
[Result "1-0"]
[WhiteElo "1601"]
[BlackElo "1063"]
[PlyCount "31"]
[EventDate "2012.??.??"]
[EventType "tourn (corr)"]
[EventRounds "8"]
[SourceTitle "Corr 2022"]
[Source "ChessBase"]
[SourceDate "2021.10.24"]
[SourceVersion "1"]
[SourceVersionDate "2021.10.24"]
[SourceQuality "1"]

1. e4 e5 2. Nf3 Nc6 3. Bb5 d6 4. d4 Be7 5. dxe5 dxe5 6. 0-0 Bd7 7. Nc3 Bd6 8. Nd5 Nge7 9. Bg5 a6 10. Ba4 h6 11. Bxe7 Nxe7 12. Bxd7+ Qxd7 13. c3 Nxd5 14. Qxd5 Rb8 15. Nxe5 Bxe5 16. Qxe5+ 1-0

[Event "FICGS class C 000177 email"]
[Site "FICGS email"]
[Date "2011.12.23"]
[Round "1"]
[White "Jefferis, Des"]
[Black "Conde, Julio"]
[Result "0-1"]
[WhiteElo "1186"]
[BlackElo "1800"]
[PlyCount "44"]
[EventDate "2011.??.??"]
[EventType "tourn (corr)"]
[EventRounds "6"]
[SourceTitle "Corr 2022"]
[Source "ChessBase"]
[SourceDate "2021.10.24"]
[SourceVersion "1"]
[SourceVersionDate "2021.10.24"]
[SourceQuality "1"]

1. e4 c5 2. Nf3 d6 3. c3 Nf6 4. d3 Nc6 5. Be2 e5 6. Bg5 Be7 7. Nbd2 0-0 8. 0-0 Be6 9. Nb3 Qb6 10. Be3 Ng4 11. h3 Nxe3 12. fxe3 Bxb3 13. Qxb3 Qxb3 14. axb3 a6 15. d4 cxd4 16. exd4 Bf6 17. d5 Ne7 18. c4 Rfc8 19. b4 Rc7 20. b3 Ng6 21. Nd2 Nf4 22. Rf2 Bh4 0-1

[Event "FICGS class C 000177 email"]
[Site "FICGS email"]
[Date "2011.12.23"]
[Round "1"]
[White "Jefferis, Des"]
[Black "Me, Gianantonio"]
[Result "0-1"]
[WhiteElo "1186"]
[BlackElo "2058"]
[PlyCount "24"]
[EventDate "2011.??.??"]
[EventType "tourn (corr)"]
[EventRounds "6"]
[SourceTitle "Corr 2022"]
[Source "ChessBase"]
[SourceDate "2021.10.24"]
[SourceVersion "1"]
[SourceVersionDate "2021.10.24"]
[SourceQuality "1"]

1. e4 c5 2. Nf3 e6 3. d3 d5 4. exd5 exd5 5. Be2 Nf6 6. 0-0 Be7 7. Bg5 Nc6 8. Nc3 0-0 9. a3 Be6 10. Bh4 a6 11. Bg3 Nh5 12. Ne5 Nxg3 0-1

[Event "FICGS theme 0001 email"]
[Site "FICGS email"]
[Date "2011.11.22"]
[Round "1"]
[White "Jefferis, Des"]
[Black "Ruano, Pablo"]
[Result "1-0"]
[WhiteElo "1186"]
[BlackElo "1565"]
[PlyCount "23"]
[EventDate "2011.??.??"]
[EventType "swiss (corr)"]
[EventRounds "1"]
[SourceTitle "Corr 2022"]
[Source "ChessBase"]
[SourceDate "2021.10.24"]
[SourceVersion "1"]
[SourceVersionDate "2021.10.24"]
[SourceQuality "1"]

1. d4 Nf6 2. e4 Nxe4 3. Qe2 d5 4. Nd2 Nc6 5. Ngf3 e6 6. Nxe4 dxe4 7. Qxe4 Bb4+ 8. c3 Ba5 9. Bb5 Bd7 10. Bf4 0-0 11. Bxc6 Bxc6 12. Qd3 1-0

[Event "FICGS class F 000103 email"]
[Site "FICGS email"]
[Date "2011.11.20"]
[Round "1"]
[White "Jefferis, Des"]
[Black "Balander, Martin"]
[Result "1-0"]
[WhiteElo "1186"]
[BlackElo "1041"]
[PlyCount "27"]
[EventDate "2011.??.??"]
[EventType "tourn (corr)"]
[EventRounds "1"]
[SourceTitle "Corr 2022"]
[Source "ChessBase"]
[SourceDate "2021.10.24"]
[SourceVersion "1"]
[SourceVersionDate "2021.10.24"]
[SourceQuality "1"]

1. e4 e5 2. Nf3 Nc6 3. Bc4 Nf6 4. d3 Be7 5. 0-0 0-0 6. Nc3 d6 7. Nd5 Na5 8. Nxf6+ Bxf6 9. Bb3 Nxb3 10. axb3 g6 11. Be3 Bg7 12. Ra4 f5 13. exf5 gxf5 14. Qa1 1-0

[Event "FICGS rapid E 000067 email"]
[Site "FICGS email"]
[Date "2011.11.17"]
[Round "1"]
[White "Jefferis, Des"]
[Black "Pipac, Darko"]
[Result "0-1"]
[WhiteElo "1186"]
[BlackElo "1281"]
[PlyCount "80"]
[EventDate "2011.??.??"]
[EventType "tourn (rapid)"]
[EventRounds "5"]
[SourceTitle "Corr 2013"]
[Source "ChessBase"]
[SourceDate "2012.11.12"]
[SourceVersion "1"]
[SourceVersionDate "2012.11.12"]
[SourceQuality "1"]

1. e4 e5 2. Nf3 Nc6 3. Bc4 h6 4. d3 Nf6 5. 0-0 d5 6. exd5 Nxd5 7. Bxd5 Qxd5 8. Re1 Bg4 9. Be3 Bb4 10. Nc3 Bxc3 11. bxc3 e4 12. dxe4 Qxd1 13. Raxd1 0-0 14. Rd2 Rad8 15. Nd4 Nxd4 16. cxd4 Rfe8 17. f3 Be6 18. d5 Bd7 19. c4 b6 20. Rb1 Bc8 21. c5 Ba6 22. cxb6 cxb6 23. Rc1 Rc8 24. Rxc8 Rxc8 25. Kf2 f6 26. d6 Rd8 27. Bf4 Kf7 28. e5 Ke6 29. exf6 Kxf6 30. Rc2 Rd7 31. Rc7 Rxc7 32. dxc7 Ke6 33. Ke3 Kd7 34. a3 Bc4 35. Kd4 Bf1 36. g3 Be2 37. Ke3 Bc4 38. Kd4 Be2 39. Ke4 Bb5 40. Kd5 Bc6+ 0-1

[Event "FICGS no engines 01 email"]
[Site "FICGS email"]
[Date "2011.11.04"]
[Round "1"]
[White "Jefferis, Des"]
[Black "Roe, Philip Lawrence"]
[Result "0-1"]
[WhiteElo "1186"]
[BlackElo "1667"]
[PlyCount "36"]
[EventDate "2011.??.??"]
[EventType "swiss (corr)"]
[EventRounds "1"]
[SourceTitle "Corr 2013"]
[Source "ChessBase"]
[SourceDate "2012.11.12"]
[SourceVersion "1"]
[SourceVersionDate "2012.11.12"]
[SourceQuality "1"]

1. e4 c5 2. d3 e6 3. Nf3 d5 4. exd5 exd5 5. g3 Nf6 6. Bg2 Be7 7. 0-0 0-0 8. Re1 Nc6 9. Nc3 Bf5 10. Ne5 Nxe5 11. Rxe5 Be6 12. Bg5 h6 13. Bxh6 gxh6 14. Qf3 Bd6 15. Ree1 Bg4 16. Qe3 Kg7 17. Nxd5 Re8 18. Qd2 Nxd5 0-1

[Event "FICGS class E 000145 email"]
[Site "FICGS email"]
[Date "2011.11.02"]
[Round "1"]
[White "Jefferis, Des"]
[Black "Pipac, Darko"]
[Result "0-1"]
[WhiteElo "1186"]
[BlackElo "1281"]
[PlyCount "36"]
[EventDate "2011.??.??"]
[EventType "tourn (corr)"]
[EventRounds "1"]
[SourceTitle "Corr 2013"]
[Source "ChessBase"]
[SourceDate "2012.11.12"]
[SourceVersion "1"]
[SourceVersionDate "2012.11.12"]
[SourceQuality "1"]

1. e4 c5 2. Nf3 d6 3. Be2 Nf6 4. d3 Nc6 5. 0-0 Bg4 6. Bg5 h6 7. Bh4 g5 8. Bg3 Bxf3 9. Bxf3 Bg7 10. c3 0-0 11. Nd2 d5 12. exd5 Nxd5 13. Bxd5 Qxd5 14. Nf3 Rad8 15. d4 cxd4 16. Nxd4 Nxd4 17. cxd4 Qxd4 18. Qxd4 Rxd4 0-1

[Event "FICGS rapid E 000065 email"]
[Site "FICGS email"]
[Date "2011.10.24"]
[Round "1"]
[White "Dsouza, Stanislaus"]
[Black "Jefferis, Des"]
[Result "0-1"]
[WhiteElo "1143"]
[BlackElo "1200"]
[PlyCount "48"]
[EventDate "2011.??.??"]
[EventType "tourn (rapid)"]
[EventRounds "5"]
[SourceTitle "Corr 2013"]
[Source "ChessBase"]
[SourceDate "2012.11.12"]
[SourceVersion "1"]
[SourceVersionDate "2012.11.12"]
[SourceQuality "1"]

1. e4 e5 2. Nf3 Nc6 3. Bc4 d6 4. d3 Be7 5. Be3 Nf6 6. Nc3 0-0 7. 0-0 Bg4 8. h3 Bh5 9. d4 Bxf3 10. Qxf3 exd4 11. Nd5 dxe3 12. Nxe3 Ne5 13. Qg3 Nxc4 14. Nxc4 Nxe4 15. Qf3 d5 16. Ne3 Nd2 17. Qg3 Nxf1 18. Kxf1 c6 19. Nf5 Bf6 20. c3 Qd7 21. Re1 Qxf5 22. f4 Qh5 23. Re2 Rfe8 24. Rxe8+ Rxe8 0-1